000 00623nam a2200229Ia 4500
008 180523s9999 xx 000 0 und d
020 _a971-090-503-7
050 _aMAIN HA 29
050 _b.D69 1983 c.3
100 _aDownie, N.M.
245 0 _aBasic statistical methods /
245 0 _cN. M. Downie, R.W. Heath.
250 _a5th Edition
260 _aNew York :
260 _bHarper and Row Pub.,
260 _c1984
300 _a371 pages :
300 _c23 cm.
500 _aIncludes bibliographical references and index.
650 _aSocial sciences -- Statistical methods.
650 _xStatistics.
999 _c356742
_d356742